Statistiques concernant Peintres célèbres

Cliquez ici pour prendre le quiz!

Statistiques générales

  • Ce quiz a été pris 257 fois
  • Le résultat moyen est 9 sur 17

Statistiques - réponses

Nom du TableauAnnéePeintre% Correct
Guernica1937Pablo Picasso
99%
Impression, soleil levant1872Claude Monet
89%
La Liberté guidant le peuple1830Eugène Delacroix
87%
Le Cri1893Edvard Munch
83%
La Cène1498Léonard de Vinci
82%
La Naissance de Vénus1486Sandro Botticelli
74%
Le Radeau de la Méduse1819Théodore Géricault
73%
Le Serment des Horaces1784Jacques-Louis David
62%
Le Déjeuner des Canotiers1881Auguste Renoir
59%
La Tentation de Saint-Antoine1956Salvador Dali
40%
Saturne dévorant un de ses fils1823Francisco de Goya
37%
Le Jardin des délices1505Jérôme Bosch
36%
Les Amants1928René Magritte
23%
David et Goliath1607Caravage
21%
Le Pandénomium1841John Martin
7%
Dante et Virgile1850William Bouguereau
7%
La Mort de César1789Vincenzo Camuccini
4%

Distribution des résultats

Percentile par nombre de réponses

% des personnes avec chaque résultat

Votre développement - résultats

Vous n’avez pas pris ce quiz